| 000 | 01104nam a2200253 i 4500 | ||
|---|---|---|---|
| 001 | bg | ||
| 245 | 0 | 0 |
_aZintegrowany monitoring środowiska przyrodniczego = _bIntegrated monitoring of the natural environment : Stacja Bazowa Koniczynka = Basal Station Koniczynka / _c[red. t. Gabriel Wójcik, Kazimierz Marciniak ; Państwowa Inspekcja Ochrony Środowiska]. |
| 260 |
_aWarszawa : _bPIOŚ ; _aToruń : _bUniwersytet Mikołaja Kopernika. Wydział Biologii i Nauk o Ziemi, _c1996. |
||
| 300 |
_a271, [1] s., [4] s. fot. kolor., [2] k. tabl. złoż. : _bmapy, rys., wykr. ; _c24 cm. |
||
| 490 | 1 | _aBiblioteka Monitoringu Środowiska | |
| 504 | _aBibliogr., summ. przy pracach. | ||
| 650 | 9 |
_aŚrodowisko człowieka _xpomiary _zPolska |
|
| 651 | 9 | _aStruga (dorzecze) | |
| 700 | 1 |
_aWÓJCIK, Gabriel. _eRed. |
|
| 700 | 1 |
_aMARCINIAK, Kazimierz. _eRed. |
|
| 830 | _aBiblioteka Monitoringu Środowiska | ||
| 020 | _a8386676884 (PIOŚ) | ||
| 040 | _cBPK | ||
| 041 | 0 |
_apl _ben |
|
| 080 | _a504.4:556.5](438) | ||
| 920 | _a83-86676-88-4 (PIOŚ) | ||
| 942 | _cKS | ||
| 008 | s pl f |000 0 pol | ||
| 999 |
_c31151 _d31151 |
||
| 856 |
_uhttp://koha.tu.koszalin.pl/cgi-bin/koha/opac-detail.pl?biblionumber=31151 _yKatalog online BPK |
||